000 00566nam a2200193Ia 4500
005 20250326143840.0
008 250326s9999 xx 000 0 und d
020 _a81-265-0646-6
037 _aTextbook
040 _aFMSL
_beng
_cFMSL
041 _aeng
_2eng
084 _aX:74 P6
_qFMSL
100 _aYoung J S
_9748620
245 0 _aIcon steve jobs greatest second act in the history of business
_cYoung J S; Simon W L
260 _aNew Delhi
_bNew Delhi, John Wiley
_c2006
300 _a359p
942 _cTB
_hX:74 P6
999 _c1301315
_d1301315